<?xml version="1.0" encoding="UTF-8"?><?xml-stylesheet type="text/xsl" href="static/style.xsl"?><OAI-PMH xmlns="http://www.openarchives.org/OAI/2.0/" xmlns:xsi="http://www.w3.org/2001/XMLSchema-instance" xsi:schemaLocation="http://www.openarchives.org/OAI/2.0/ http://www.openarchives.org/OAI/2.0/OAI-PMH.xsd"><responseDate>2026-04-14T02:52:19Z</responseDate><request verb="GetRecord" identifier="oai:www.recercat.cat:2445/222840" metadataPrefix="marc">https://recercat.cat/oai/request</request><GetRecord><record><header><identifier>oai:recercat.cat:2445/222840</identifier><datestamp>2025-11-19T22:35:09Z</datestamp><setSpec>com_2072_1057</setSpec><setSpec>col_2072_478916</setSpec><setSpec>col_2072_478917</setSpec></header><metadata><record xmlns="http://www.loc.gov/MARC21/slim" xmlns:dcterms="http://purl.org/dc/terms/" xmlns:xsi="http://www.w3.org/2001/XMLSchema-instance" xmlns:doc="http://www.lyncode.com/xoai" xsi:schemaLocation="http://www.loc.gov/MARC21/slim http://www.loc.gov/standards/marcxml/schema/MARC21slim.xsd">
   <leader>00925njm 22002777a 4500</leader>
   <datafield ind2=" " ind1=" " tag="042">
      <subfield code="a">dc</subfield>
   </datafield>
   <datafield ind2=" " ind1=" " tag="720">
      <subfield code="a">Gratzke, Christian</subfield>
      <subfield code="e">author</subfield>
   </datafield>
   <datafield ind2=" " ind1=" " tag="720">
      <subfield code="a">Özgüroğlu, Mustafa</subfield>
      <subfield code="e">author</subfield>
   </datafield>
   <datafield ind2=" " ind1=" " tag="720">
      <subfield code="a">Peer, Avivit</subfield>
      <subfield code="e">author</subfield>
   </datafield>
   <datafield ind2=" " ind1=" " tag="720">
      <subfield code="a">Sendur, Mehmet A. N.</subfield>
      <subfield code="e">author</subfield>
   </datafield>
   <datafield ind2=" " ind1=" " tag="720">
      <subfield code="a">Retz, Margitta</subfield>
      <subfield code="e">author</subfield>
   </datafield>
   <datafield ind2=" " ind1=" " tag="720">
      <subfield code="a">Goh, Jeffrey C.</subfield>
      <subfield code="e">author</subfield>
   </datafield>
   <datafield ind2=" " ind1=" " tag="720">
      <subfield code="a">Loidl, Wolfgang</subfield>
      <subfield code="e">author</subfield>
   </datafield>
   <datafield ind2=" " ind1=" " tag="720">
      <subfield code="a">Jayram, Gautam</subfield>
      <subfield code="e">author</subfield>
   </datafield>
   <datafield ind2=" " ind1=" " tag="720">
      <subfield code="a">Byun, Seok-Soo</subfield>
      <subfield code="e">author</subfield>
   </datafield>
   <datafield ind2=" " ind1=" " tag="720">
      <subfield code="a">Kwak, Cheol</subfield>
      <subfield code="e">author</subfield>
   </datafield>
   <datafield ind2=" " ind1=" " tag="720">
      <subfield code="a">Kwiatkowski, Marek</subfield>
      <subfield code="e">author</subfield>
   </datafield>
   <datafield ind2=" " ind1=" " tag="720">
      <subfield code="a">Manneh Kopp, Ray</subfield>
      <subfield code="e">author</subfield>
   </datafield>
   <datafield ind2=" " ind1=" " tag="720">
      <subfield code="a">Vázquez Limón, Juan Carlos</subfield>
      <subfield code="e">author</subfield>
   </datafield>
   <datafield ind2=" " ind1=" " tag="720">
      <subfield code="a">Escobar Penagos, José Francisco</subfield>
      <subfield code="e">author</subfield>
   </datafield>
   <datafield ind2=" " ind1=" " tag="720">
      <subfield code="a">Giorgi, Ugo de</subfield>
      <subfield code="e">author</subfield>
   </datafield>
   <datafield ind2=" " ind1=" " tag="720">
      <subfield code="a">Da Trindade, Karine Martins</subfield>
      <subfield code="e">author</subfield>
   </datafield>
   <datafield ind2=" " ind1=" " tag="720">
      <subfield code="a">Niu, C.</subfield>
      <subfield code="e">author</subfield>
   </datafield>
   <datafield ind2=" " ind1=" " tag="720">
      <subfield code="a">Liu, Y.</subfield>
      <subfield code="e">author</subfield>
   </datafield>
   <datafield ind2=" " ind1=" " tag="720">
      <subfield code="a">Poehlein, Christian H.</subfield>
      <subfield code="e">author</subfield>
   </datafield>
   <datafield ind2=" " ind1=" " tag="720">
      <subfield code="a">Piulats, Josep M.</subfield>
      <subfield code="e">author</subfield>
   </datafield>
   <datafield ind2=" " ind1=" " tag="260">
      <subfield code="c">2025-08-29T11:30:19Z</subfield>
   </datafield>
   <datafield ind2=" " ind1=" " tag="260">
      <subfield code="c">2025-08-29T11:30:19Z</subfield>
   </datafield>
   <datafield ind2=" " ind1=" " tag="260">
      <subfield code="c">2025-05-16</subfield>
   </datafield>
   <datafield ind2=" " ind1=" " tag="260">
      <subfield code="c">2025-08-26T10:32:06Z</subfield>
   </datafield>
   <datafield ind2=" " ind1=" " tag="520">
      <subfield code="a">Background: Despite treatment advances, most patients with metastatic hormone-sensitive prostate cancer (mHSPC) experience disease progression to castration-resistant disease within 5 years. The placebo-controlled, double-blind, phase III KEYNOTE-991 study evaluated the efficacy and safety of adding pembrolizumab to enzalutamide and androgen deprivation therapy (ADT) in participants with mHSPC. Patients and methods: Eligible participants were aged > >18 years with next-generation hormonal agent-naive mHSPC. Participants were randomly assigned (1 : 1) to receive intravenous pembrolizumab 200 mg or placebo every 3 weeks for &lt; &lt;35 cycles, with oral enzalutamide 160 mg and continuous ADT. Primary endpoints were radiographic progression-free survival (rPFS) and overall survival (OS). Safety was a secondary endpoint. Results: Between 2 March 2020 and 9 August 2021, 626 participants were randomly assigned to receive pembrolizumab plus enzalutamide and ADT and 625 participants to receive placebo plus enzalutamide and ADT. At the fi first interim analysis, the median follow-up was 21.1 months (range 14.8-32.0 months). rPFS was not superior with pembrolizumab versus placebo [median not reached in both arms; hazard ratio (HR) 1.20, 95% confidence interval (CI) 0.96-1.49, P = 0.9467]. Median OS was not reached in either arm (HR 1.16, 95% CI 0.88-1.53; not formally statistically tested as per the multiplicity strategy). Grade > >3 adverse events (AEs) and serious AEs (SAEs) were reported in 61.9% versus 38.1% and 40.3% versus 23.2% of participants in the pembrolizumab versus the placebo arm, respectively. Any-grade rash occurred at a higher frequency with pembrolizumab (25.1%) versus placebo (9.3%). Conclusions: KEYNOTE-991 did not meet its primary endpoint and was stopped for futility. The addition of pembrolizumab to enzalutamide and ADT was associated with higher frequencies of grade > >3 AEs and SAEs than with placebo. Rash was identified as an additional safety signal with pembrolizumab plus enzalutamide and ADT.</subfield>
   </datafield>
   <datafield ind1="8" ind2=" " tag="024">
      <subfield code="a">http://hdl.handle.net/2445/222840</subfield>
   </datafield>
   <datafield tag="653" ind2=" " ind1=" ">
      <subfield code="a">Antigen específic de la pròstata</subfield>
   </datafield>
   <datafield tag="653" ind2=" " ind1=" ">
      <subfield code="a">Tractament adjuvant del càncer</subfield>
   </datafield>
   <datafield tag="653" ind2=" " ind1=" ">
      <subfield code="a">Prostate-specific antigen</subfield>
   </datafield>
   <datafield tag="653" ind2=" " ind1=" ">
      <subfield code="a">Adjuvant treatment of cancer</subfield>
   </datafield>
   <datafield ind2="0" ind1="0" tag="245">
      <subfield code="a">Pembrolizumab plus enzalutamide and androgen deprivation therapy versus placebo plus enzalutamide and androgen deprivation therapy for metastatic hormone-sensitive prostate cancer: the randomized, double-blind, phase III KEYNOTE-991 study</subfield>
   </datafield>
</record></metadata></record></GetRecord></OAI-PMH>